Normal view
MARC view
- الالفي،ابو صالح تأليف/ الشال،محمود م.مشارك/حسين،محمد م.مشارك/البسيوني، محمود م.مشارك/شريف، حسين م.مشارك
Entry Personal Name
001 - CONTROL NUMBER
- control field: 16351
003 - CONTROL NUMBER IDENTIFIER
- control field: JO-AjAnu
005 - DATE AND TIME OF LATEST TRANSACTION
- control field: 20230606072916.0
008 - FIXED-LENGTH DATA ELEMENTS
- fixed length control field: 230606|| aca||aabn | a|a d
040 ## - CATALOGING SOURCE
- Original cataloging agency: JO-AjAnu
- Transcribing agency: JO-AjAnu
100 ## - HEADING--PERSONAL NAME
- Personal name: الالفي،ابو صالح تأليف/ الشال،محمود م.مشارك/حسين،محمد م.مشارك/البسيوني، محمود م.مشارك/شريف، حسين م.مشارك
670 ## - SOURCE DATA FOUND
- Source citation: Work cat.: (JO-AjAnu)8392: الالفي،ابو صالح تأليف/ الشال،محمود م.مشارك/حسين،محمد م.مشارك/البسيوني، محمود م.مشارك/شريف، حسين م.مشارك, author, التذوق وتاريخ الفن